Statistics for Five Nights At Freddy's Quiz (Could be hard)

Click here to take the quiz!

General Stats

  • This quiz has been taken 84 times
  • The average score is 20 of 45

Answer Stats

HintAnswer% Correct
Who was originally going to run at you in FNaF 1?Bonnie
93%
Who is the FNaF 1 Guard?Mike Schmidt
86%
Who is inside Springtrap?William
78%
What night did Phone guy die in FNaF 1?Night 4
74%
Who do you play as in Sister Location?Michael
68%
Who is the FNaF 2 Guard?Jeremy Fitzgerald
65%
Is FNaF 2 a Prequel or Sequel?Prequel
64%
Who caused the bite of '83?Fredbear
62%
What is the name of Freddy's hand puppet?BonBon
61%
Who is the kid inside The Puppet?Charlie
59%
What gender is Funtime Foxy?Male
59%
What is purple guy's name?William Afton
59%
Who is inside Circus Baby?Elizabeth Afton
58%
What gender is Bidybab?Female
54%
What gender is the hand puppet?Female
54%
Which 2 animatronics got turned into jack-o-lanterns?Bonnie and Chica
52%
What is Springtrap's name in FNaF 6?Scraptrap
52%
Which Funtime animatronic was introduced in FNaF 6?Chica
51%
How do you stop Withered Foxy attacking you?Flashlight
51%
What game had the word "Was It Me" a lot?FNaF 4
49%
What is Circus Baby's name in FNaF 6?Scrap Baby
49%
What is the name of the suit the Puppet is in in FNaF 6?Lefty
48%
What is Ennard's name in FNaF 6?Molten Freddy
48%
What is the Brother's name?Michael Afton
46%
What is its counterpart's name?Bonnet
43%
Who is the main antagonist in Sister Location?Ennard
43%
Who was originally going to be in FNaF 1?Puppet
43%
What is Phone Guy's new name in FNaF 3?Phone Dude
42%
What is the name of this Horror Attraction?Fazbears Fright
41%
Will there be a FNaF 8?Yes
41%
Has it been annoucedYes
41%
What Company Built these robots?Afton Robotics
39%
Who else was going to be in FNaF 1?Balloon Boy
38%
What does Rockstar Chica's bib say?Let's Rock!
35%
What is the Mini Funtime Freddy called?Helpy
33%
Which character from FNaF 2 appears in Sister Location?Mangle
33%
Circus baby has _ _______ in her.A Scooper
26%
What is the canon name of FNaF 7?Ultimate Custom Night
19%
What is the animatronic categorisation?Toys
17%
What is the animatronic categorisation?Phantoms
16%
Where is Sister Location Set?Circus Baby's Pizza World
13%
Who do you play as in FNaF 6?Mike Afton
7%
What is the canon name of FNaF 6?Freddy Fazbear's Pizza Simulator
4%
What is the crying child's name?Cassidy Afton
3%
What's it called?FNaF: Into Madness
0%

Score Distribution

Percentile by Number Answered

Percent of People with Each Score

Your Score History

You have not taken this quiz